000 00250nam a2200109Ia 4500
008 190216s9999||||xx |||||||||||||| ||und||
100 _aChangampuzha
245 0 _aMalayalam-Novel
260 _bCurrent Books
650 _aEssay Malayalam
942 _cBK
999 _c24226
_d24226